[Event "Linares 27th"]
[Site "Linares"]
[Date "2010.02.15"]
[Round "3"]
[White "Gashimov, Vugar"]
[Black "Grischuk, Alexander"]
[Result "1/2-1/2"]
[WhiteElo "2759"]
[BlackElo "2736"]
[Annotator "Ftacnik,L"]
[PlyCount "80"]
[EventDate "2010.02.13"]
[EventType "tourn"]
[EventRounds "10"]
[EventCountry "ESP"]
[EventCategory "21"]
[SourceTitle "CBM 135"]
[Source "ChessBase"]
[SourceDate "2010.03.17"]
[SourceVersion "1"]
[SourceVersionDate "2010.03.17"]
[SourceQuality "1"]

1. e4 c5 2. Nf3 d6 3. d4 cxd4 4. Nxd4 Nf6 5. Nc3 a6 6. Bg5 e6 7. f4 Qb6 8. Qd3
{White queen insists on occupying a more active square than the usual d2. The
line with Qd3 is gaining followers and our players have already tested the
waters in the past.} Qxb2 9. Rb1 Qa3 10. f5 Be7 11. fxe6 fxe6 12. Be2 Qa5 {
Black is using a huge amount of time for the placing of his queen. The logical
development of the knight to c6 introduces another critical variation.} (12...
Nc6 13. Nxc6 bxc6 14. Bh5+ $1 (14. e5 $6 dxe5 15. Bxf6 gxf6 16. Bh5+ Kf8 17.
Qd2 (17. O-O e4 18. Qh3 f5 19. Kh1 Rg8 20. Rb3 Qc5 21. Nxe4 Qxc2 22. Bf3 {
Van der Wiel,J (2520)-Gavrikov,V (2570)/London/1985/} Rg7 $1 $17 {Gavrikov})
17... Kg7 18. Rb3 Qa5 19. O-O Rg8 20. Kh1 Kh8 21. Qh6 Qd8 22. Ne4 f5 23. Bf7
Qf8 24. Qh5 Rg7 25. Be8 a5 26. Bxc6 Ba6 27. Rf2 Rd8 {0-1, Nunn,J (2585)
-Kasparov,G (2740)/Brussels/1986/}) (14. Bd2 Qc5 15. Na4 Qa7 16. Be3 c5 17. O-O
O-O 18. e5 dxe5 19. Nb6 Rb8 20. Nxc8 Rbxc8 21. Qxa6 Qxa6 22. Bxa6 Ra8 23. Bc4
Nd5 24. Rxf8+ Kxf8 25. Bf2 $44 {Negi,P (2538)-Karjakin,S (2672)/Cap d'Agde rpd/
2006/}) (14. O-O Qa5 15. Bxf6 gxf6 16. Bg4 Rg8 17. Bh3 Rg5 18. Ne2 Rb5 19. Rbd1
Rc5 20. Kh1 Qb5 21. Qf3 Bd7 22. Nf4 Qc4 23. Rb1 Rb5 24. Rb3 Kf7 25. a4 Rxb3 26.
cxb3 Qc5 27. Bg4 Qe5 28. Qh3 Qxe4 $2 {Gashimov,V (2644)-Areshchenko,A (2641)/
Lausanne/ 2006/} (28... Rh8 $11 {/\} 29. Bh5+ Kg7 30. Bg4 Kf7 $11) 29. Bh5+ $1
Kg7 (29... Kf8 30. Bg6 $1 hxg6 31. Qh8+ Kf7 32. Qh7+ Ke8 33. Qg8+ Bf8 34. Nxg6
$18) (29... Kg8 30. Qg4+ Kh8 31. Ng6+ $18) 30. Qg4+ Kh6 $8 31. Qh4 Kg7 32. Be8
$1 $18) 14... Nxh5 $1 (14... g6 $2 15. e5 $1 Nd5 16. Rb3 Qa5 17. Bxe7 Nxe7 18.
exd6 Qxh5 19. dxe7 Qh4+ 20. g3 Qxe7 21. O-O Rf8 22. Ne4 $16 {Mamedov,R (2617)
-Kokarev,D (2579)/EU-ch Plovdiv/2008/}) 15. Bxe7 Nf4 (15... Kxe7 $4 16. Nd5+
$18) 16. Qd4 (16. Qg3 $5 e5 17. Rd1 $44 {is worth a try}) 16... e5 17. Qxe5
dxe5 18. Bxa3 Nxg2+ 19. Kf2 Nf4 20. Bd6 Ng6 21. h4 h5 {Huschenbeth,N (2453)
-Bracker,F (2253)/Hamburg/2008/} 22. Kg3 Bg4 23. Rb7 Rd8 24. Bc5 Rd7 25. Rhb1
Nf8 $5 $132) 13. Bd2 Qc7 14. g4 {The logic of this aggressive idea is easy to
understand. White needs to use his chances before Black gets the chance to
consolidate his position and develop the pieces.} (14. O-O O-O 15. Qc4 Qd7 $1 (
15... Qxc4 $143 $6 16. Bxc4 Kf7 17. g4 $32 (17. Na4 $5)) 16. Qb3 Kh8 17. Bc4 $6
(17. Be3 $5 {/\} Nc6 18. Na4 $132 {/=/+}) 17... d5 $1 18. exd5 b5 (18... Nc6 $1
$17) (18... Bc5 19. Be3 b5 $36 {/\} 20. dxe6 Qa7 $17) 19. Be2 (19. Nxe6 Qa7+
20. Kh1 bxc4 21. Qxc4 Bxe6 22. dxe6 Qc5 $17) 19... Bc5 20. Kh1 $1 exd5 (20...
Bxd4 $6 21. Qb4 $11) 21. Be3 Nc6 {Now Black loses a part of his advantage.} (
21... Re8 $142 $5 $17 {prevents the following sortie.}) 22. Ne6 $5 Qxe6 (22...
Bxe3 $5 23. Nxf8 Qd6 24. Nxb5 (24. Rxf6 gxf6 25. Qxd5 Qxd5 26. Nxd5 Bc5 27. Nc7
Ra7 $19) (24. Nxd5 $6 Nxd5 25. c4 Nd4 (25... bxc4 26. Bxc4 Nf6 27. Qxe3 Qxf8
28. Qb6 $15) 26. Qd3 Bf5 27. Rxf5 bxc4 28. Rxd5 cxd3 29. Rxd6 dxe2 30. Nd7 Re8
$19) 24... axb5 25. Qxe3 Qxf8 26. Bxb5 $15 {/-/+}) 23. Bxc5 Re8 24. Bf3 {
1-0 Gashimov,V (2703)-Grischuk,A (2719)/Elista 2008 (64)}) (14. Qh3 Nc6 15.
Nxc6 Qxc6 16. Bh5+ Nxh5 17. Qxh5+ g6 18. Qh6 Bf6 19. Ne2 Bd7 20. O-O Rf8 21.
Rb3 {Bezgodov,A (2543)-Najer,E (2600)/RUS-ch Elista/2001/} Qxe4 22. Re3 Qh4 23.
Ref3 Qxh6 24. Bxh6 Ke7 25. g4 Bb5 $1 $17 {Tyomkin}) 14... h6 (14... h5 $6 15.
g5 Ng4 16. Qh3 $1 Qc5 17. Bxg4 Qxd4 18. Bxe6 Nd7 19. Rf1 Kd8 20. Nd5 Qxe4+ 21.
Kd1 Nb6 22. Bxc8 Qxd5 23. Be6 Qd4 24. Qd3 $1 {1-0 Lastin,A (2625)-Kokarev,D 
(2510)/St Petersburg 2002 1-0, Lastin,A (2625)-Kokarev,D (2510)/St Petersburg/
2002/}) 15. Qh3 (15. e5 dxe5 16. Qg6+ Kf8 (16... Kd8 17. Nf3 Nc6 18. g5 Ne8 19.
O-O Nd4 20. gxh6 Nxe2+ 21. Nxe2 gxh6 22. Bc3 Bd6 23. Rbd1 Bd7 24. Rxd6 Qxd6 25.
Bxe5 Qf8 26. Bxh8 Qxh8 27. Nfd4 Qg7 {1/2-1/2 Mamedov,N (2607)-Safarli,E (2564)/
Baku 2009}) 17. Nf3 Bd7 18. g5 Be8 19. Qd3 hxg5 20. Nxg5 Bf7 $6 (20... Kg8 $5
$13) (20... Qc8 21. Rg1 Kg8 22. Qg3 Nh5 23. Qg4 Bxg5 24. Qxg5 Rh7 25. Ne4 Qxc2
{0-1 Kanarek,M (2393)-Swiercz,D (2474)/Warsaw 2010 (52)}) 21. Nxf7 Kxf7 22. Rg1
$40 Bd8 23. Ne4 Nxe4 24. Qxe4 Nc6 25. Qg6+ Kf8 26. Rf1+ Bf6 27. Rxf6+ gxf6 28.
Qxf6+ Kg8 29. Rb3 {1-0, Radjabov,T (2663)-Rowson,J (2577)/Calvia olm/2004/ (31)
}) 15... O-O $146 {[%mdl 4] The theory of this variation is being created in
games by the top players. Grischuk won a spectacular game in January with the
iffy 15...Rh7, but has managed to do his homework. Castling of the black king
is highly desirable.} (15... g5 16. Rf1 Kf7 17. Qf3 Nc6 18. Nxc6 Qxc6 19. h4
Rg8 20. a4 Bd7 21. hxg5 hxg5 22. e5 Qxf3 23. Bxf3 dxe5 24. Rxb7 Ke8 (24... Rac8
$5) 25. Rb6 Ra7 26. Kd1 Bd8 27. a5 $44 {Fleischanderl,F (2264)-Lorentzen,O 
(2318)/corr/2004/}) (15... Rh7 16. Rf1 Nc6 17. Nxc6 Qxc6 18. e5 dxe5 19. Bd3 e4
20. Nxe4 Nxe4 21. Qh5+ Kd7 22. Rd1 Rh8 23. Bf4 Bb4+ 24. c3 Nxc3 25. Bd2 Qd5 26.
Rf7+ Kc6 27. Rc1 Kb6 28. Be3+ Ka5 29. a3 Ka4 30. axb4 Qxd3 {0-1 Gashimov,V 
(2759)-Grischuk,A (2736)/Bursa 2010 (41)}) 16. g5 hxg5 17. Nxe6 Qc6 18. Rf1 {
Both players must have analysed the consequences of the ambitious move 18.Qf5.
White admitts, that he has to bring more pieces into play in order to get some
chances.} (18. Qf5 Re8 (18... b5 19. Rg1 Rf7 20. Rf1 Qe8 21. Nd5 Bd8 22. Nxg7
Nxe4 23. Qxc8 Rxf1+ 24. Bxf1 Kxg7 $11) 19. Nd5 Bd8 20. Nxd8 Bxf5 21. Nxf6+ gxf6
22. Nxc6 Nxc6 23. exf5 Nd4 24. Kd1 Nxe2 25. Rxb7 Re5 $11) (18. O-O d5 19. exd5
Nxd5 20. Rxf8+ Bxf8 21. Bf3 Bxe6 22. Qxe6+ Qxe6 23. Bxd5 Qxd5 24. Nxd5 b5 25.
Bxg5 Nc6 $11) 18... g4 (18... Re8 19. Nd5 (19. Bxg5 Nxe4 20. Nxe4 Qxe4 21. Bxe7
Nc6 $17) 19... Bd8 20. Nxd8 Qxd5 21. Qxc8 (21. exd5 Bxh3 22. Nxb7 Bxf1 23. Kxf1
Ne4 $15) 21... Qxe4 22. Rf2 Qh1+ 23. Rf1 Qe4 $11) 19. Bxg4 Nxg4 20. Rxf8+ (20.
Qxg4 $2 Rxf1+ 21. Kxf1 Qc4+ $19) 20... Bxf8 21. Qxg4 Qd7 (21... Qe8 22. Nd5
Bxe6 $2 23. Nf6+ Kf7 24. Qh5+ g6 25. Rxb7+ Nd7 26. Qf3 $18) 22. Nd5 Qxe6 {
The war against White's aggressive knights has some simple rules. Black needs
to survive the onslaught as the endgames should offer reasonable chances.} (
22... Qf7 23. Ndc7 b5 24. Qf4 Qxf4 25. Bxf4 Ra7 26. Rd1 Be7 27. Bxd6 Kf7 $14)
23. Qxe6+ Bxe6 24. Nc7 Ra7 25. Nxe6 (25. Be3 Bxa2 26. Bxa7 Bxb1 27. Bxb8 Bxc2
$19) 25... b5 26. Nxf8 Kxf8 27. Bb4 Ke7 (27... Rd7 28. e5 Nc6 29. Bxd6+ Kf7 $11
) 28. e5 Nc6 29. exd6+ (29. Bxd6+ Ke6 30. a4 Rb7 $11) 29... Ke6 {Grischuk has
carried out his program and the endgame is just fine for him despite the loss
of a pawn.} 30. a4 (30. Bc5 Rf7 31. Rd1 Rf5 32. Bf2 Kd7 33. Bg3 Nb4 $11) 30...
Nxb4 31. Rxb4 bxa4 32. Rxa4 Kxd6 {The reasons for playing out this equal
position on are not completely clear. Neither side can hope to get anything
real here.} 33. Ra5 g6 34. h4 Re7+ 35. Kd2 Re4 36. Rxa6+ Kc5 37. Rxg6 Rd4+ 38.
Kc3 Rc4+ 39. Kd3 Rd4+ 40. Kc3 Rc4+ 1/2-1/2

[Event "Linares 27th"]
[Site "Linares"]
[Date "2010.02.18"]
[Round "5"]
[White "Topalov, Veselin"]
[Black "Grischuk, Alexander"]
[Result "1-0"]
[WhiteElo "2805"]
[BlackElo "2736"]
[Annotator "Ftacnik,L"]
[PlyCount "137"]
[EventDate "2010.02.13"]
[EventType "tourn"]
[EventRounds "10"]
[EventCountry "ESP"]
[EventCategory "21"]
[SourceTitle "CBM 135"]
[Source "ChessBase"]
[SourceDate "2010.03.17"]
[SourceVersion "1"]
[SourceVersionDate "2010.03.17"]
[SourceQuality "1"]

1. e4 c5 2. Nf3 d6 3. d4 cxd4 4. Nxd4 Nf6 5. Nc3 a6 6. Be3 Ng4 7. Bc1 Nf6 8. h3
Nc6 9. g4 Qb6 10. Nde2 $146 {The new move in this sharp line represents the
novelty, but it definitely is not the most exciting part of the fascinating
fight. The knight hopes to get more quickly to the kingside from the e2-square.
} (10. Nb3 e6 11. Be3 (11. Bg2 Be7 12. Be3 Qc7 13. g5 Nd7 14. f4 b5 15. Qd2 Bb7
16. O-O-O Nb6 17. Bxb6 Qxb6 18. h4 b4 19. Ne2 a5 20. Nbd4 a4 21. Kb1 Qc5 22. h5
Nxd4 23. Nxd4 a3 $15 {1/2-1/2 Naiditsch,A (2689)-Grischuk,A (2736)/Moscow 2009
(47)}) 11... Qc7 12. Qe2 (12. g5 Nd7 13. f4 b5 14. a4 b4 15. Ne2 Bb7 16. Bg2
Na5 17. Nxa5 Qxa5 18. O-O Be7 19. f5 exf5 20. exf5 Bxg2 21. Kxg2 Rc8 22. Ng3
Ne5 23. f6 gxf6 24. gxf6 Bf8 25. Nf5 $14 {0-1 Pikula,D (2513)-Damljanovic,B 
(2590)/Vrsac 2007 (42)}) (12. f4 b5 13. Bg2 Bb7 14. O-O Be7 15. g5 Nd7 16. Qe1
Nb6 17. Rd1 b4 18. Ne2 Nc4 19. Bc1 e5 20. Kh1 a5 21. fxe5 dxe5 $17 {1-0 Magem
Badals,J (2531)-Fluvia Poyatos,J (2469)/Lleida 2009 (35)}) 12... b5 13. f4 Bb7
14. Bg2 Be7 15. O-O-O Nd7 16. Qf2 Na5 17. Nxa5 Qxa5 18. Kb1 Rc8 19. Bd4 O-O 20.
e5 Bxg2 21. Qxg2 dxe5 22. fxe5 Nc5 23. Ne4 Nxe4 24. Qxe4 $11 {0-1 Dominguez
Perez,L (2719)-Grischuk,A (2736)/Moscow 2009 (44)}) 10... e6 (10... Bxg4 $5 11.
hxg4 Nxg4 12. Nd4 $1 (12. Be3 Nxe3 13. fxe3 Qxe3 14. Rh3 $16) 12... Nxd4 13.
Nd5 Qc5 14. c3 Nxf2 15. Kxf2 Ne6+ 16. Be3 $16) 11. Bg2 Be7 12. b3 h6 13. Qd2 {
Topalov playes a clever move avoiding the problems lurking in the knight move
to c4 after the obvious 13.Bb2.} (13. Bb2 Ne5 14. Qd2 Nc4 $1 15. Na4 Qc6 16.
Nd4 Qxa4 17. bxa4 Nxd2 18. Kxd2 Bd7 $11) 13... g5 $5 {Grischuk is a very
gifted man, with a healthy confidence in his own abilities. The radical
prevention of the f2-f4 advance weakens the position forever. The modest
castling seems timid in comparision.} (13... O-O 14. Bb2 Nd7 15. Nf4 $13) 14.
Ba3 Ne5 (14... O-O 15. f4 Nd7 16. O-O-O Qf2 17. Rhg1 gxf4 18. Nxf4 (18. Bxd6
Bxd6 19. Qxd6 Qe3+ 20. Qd2 Qxd2+ 21. Rxd2 e5 22. Rgd1 Nf6 $11) 18... Qxd2+ 19.
Rxd2 Nc5 20. Kb1 $14) 15. O-O-O Qxf2 {At first glance Black's courage is quite
breathtaking. The conflict in the centre starts at the moment, when White is
much better prepared for the complications.} (15... Bd7 16. Bxd6 Bxd6 17. Qxd6
Qxd6 18. Rxd6 h5 19. f3 $14) 16. Bxd6 Bxd6 (16... Qxg2 $2 17. Bxe7 Nfd7 18. Bd6
$18) 17. Qxd6 Nfd7 18. Nd4 Qf6 (18... Qxg2 19. Nxe6 $1 fxe6 20. Qxe6+ Kd8 21.
Qxe5 Rf8 22. Qg7 Rf2 23. Nd5 Qxe4 24. Qh8+ Qe8 (24... Rf8 25. Qxf8+ Nxf8 26.
Nf6+ $18) 25. Qxe8+ Kxe8 26. Nc7+ Kf7 27. Nxa8 $18) 19. Qa3 {The great
critical moment of the game. Topalov must have realised, that getting serious
advantage is not so easy. Objectively speaking his initiative is good only for
a moderate plus.} (19. Na4 $5 Rb8 (19... Qe7 20. Qc7 Qd8 21. Qc3 O-O 22. Qg3
$16) 20. Rhf1 Qe7 21. Qc7 b5 22. Nf3 Nxf3 23. Rxf3 (23. Rxd7 Qxd7 24. Qxb8 Qd2+
25. Kb2 O-O 26. Bxf3 bxa4 $11) 23... bxa4 24. Rxd7 Qxd7 25. Qxb8 O-O 26. Rd3
Qc6 $14) (19. Rd2 Qe7 20. Qc7 Qd8 $1 21. Qxd8+ Kxd8 $14) (19. Kb2 Qe7 20. Qc7
Qd8 21. Qxd8+ Kxd8 22. a4 Ke7 23. a5 h5 $14) 19... Qe7 20. Qb2 O-O (20... b5
21. Nc6 (21. Nd5 exd5 22. Nf5 Qd8 23. exd5 (23. Rxd5 f6 24. Qc3 Rb8 $13) 23...
Qb6 24. d6 Bb7 $15) (21. Nf3 O-O 22. Nxe5 Nxe5 23. Kb1 f6 $11) 21... Qc5 (21...
Nxc6 22. Nd5 exd5 (22... Qf8 23. Nc7+ Ke7 24. Nxa8 Bb7 25. Rxd7+ Kxd7 26. Rd1+
Kc8 27. Nb6+ $16) 23. Qxh8+ Qf8 24. Qxf8+ Kxf8 25. exd5 Nce5 26. d6 Rb8 $11)
22. Nd5 Qxc6 23. Nf6+ Ke7 (23... Nxf6 $2 24. Qxe5 Ke7 25. Rhf1 $18) 24. Nxd7
Bxd7 25. Qxe5 Rac8 26. Rd2 Rhd8 $11) 21. Nf5 $6 {The Bulgarian star must have
prepared for the event psychologically with a goal to play with maximum
sharpness and risk. The knight sacrifice is spirited, but objectively speaking
not good enough.} (21. Nce2 b5 22. Ng3 b4 (22... Bb7 23. Ngf5 exf5 24. Nxf5 Qd8
25. Nxh6+ Kh7 26. Nf5 $40) 23. Ndf5 exf5 24. Nxf5 Qc5 25. h4 Qc3 26. hxg5 Qxb2+
27. Kxb2 Re8 $13) 21... exf5 22. Nd5 Qc5 23. exf5 a5 $1 {[%mdl 2048] Excellent
defence by a Grischuk in splendid form. The rook will help the black king from
the 6th rank.} (23... Re8 24. Kb1 (24. h4 $2 gxh4 25. Rxh4 Nd3+ 26. Rxd3 Re1+
$19) 24... a5 (24... b5 25. h4 Qf2 26. Ne7+ Rxe7 27. Bxa8 $13) (24... f6 25. h4
Kg7 26. hxg5 hxg5 27. Rh5 Rh8 28. b4 Qd6 29. Rxh8 Kxh8 30. Nc3 Qf8 31. Nd5 $13)
25. h4 Nxg4 26. hxg5 Nde5 27. Bh3 $1 Bxf5 28. Bxg4 Nxg4 29. gxh6 $13) 24. h4
gxh4 25. Rxh4 Ra6 (25... Qf2 $2 26. Rxh6 Qxg2 27. f6 $18) 26. Kb1 (26. Rdh1 $2
Nd3+ $19) (26. f6 Rxf6 27. Nxf6+ Nxf6 28. Rxh6 Nd3+ (28... Bxg4 29. Qd4 Qa3+
30. Kb1 Bxd1 31. Qxd1 Qe7 32. Qh1 Kg7 $17) 29. Rxd3 Qg5+ 30. Kb1 Qxh6 31. Rd6
Kg7 $17) 26... Qf2 27. Ne7+ {The crisis is reaching its maximum as White is
facing near oblivion with his scattered pieces and only murky attacking
chances.} (27. Rh2 Nxg4 28. Ne7+ Kh7 29. Nxc8 Nc5 30. Rf1 Qd2 31. Rg1 Rxc8 32.
Bxb7 Qxh2 33. Rxg4 Rg8 34. Rxg8 Kxg8 35. Bxa6 Qg1+ 36. Qc1 Qxc1+ 37. Kxc1 Nxa6
$19) 27... Kg7 (27... Kh7 $1 28. Rdh1 Qxg2 29. Qc1 Nxg4 30. Ng6 fxg6 31. Rxg4 (
31. Rxh6+ Kg7 (31... Nxh6 $2 32. Qxh6+ Kg8 33. Qh7#) 32. Qg5 Nxh6 33. Qxg2 Nxf5
$19) 31... Qxh1 32. Qxh1 Rxf5 33. Re4 Ne5 $17) 28. Rh2 f6 $2 $138 {The
following phase of the game is truly imperfect. Grischuk was seriously short
of time and Topalov could not find the patience in his heart..} (28... Qg3 29.
Nxc8 Qxh2 30. Bxb7 Rf6 31. Qc3 Qe2 $19) 29. g5 $2 (29. Qc1 $1 Nxg4 (29... Rh8
30. Nxc8 Qg3 31. Rdh1 $18) 30. Nxc8 Nc5 (30... Nxh2 31. Rxd7+ Rf7 32. Rxf7+
Kxf7 33. Bxb7 Ra7 34. Nxa7 Qxa7 35. Qxh6 $18) 31. Rd2 Qxf5 32. Bh3 Rxc8 33.
Bxg4 Qxg4 34. Rdg2 Qg5 35. Qe1 $16) 29... fxg5 30. Nxc8 Raf6 $1 31. Ne7 (31.
Qc3 Qc5 32. Qxc5 Nxc5 33. Ne7 Ng4 34. Rhh1 Nf2 $17) 31... R8f7 (31... Qg3 $1
32. Rhh1 (32. Rdh1 Ng4 $17) 32... Qxg2 33. Ng6 Re8 $19) 32. Nd5 Nf3 $2 (32...
Ng4 33. Nxf6 Ndxf6 34. Bd5 Qxh2 35. Bxf7 Kxf7 36. Qc3 Qe5 $17) 33. Bxf3 Qxh2
34. Nxf6 (34. Qd4 Qe5 35. Nxf6 Qxf6 $11) 34... Nxf6 35. a4 {The smoke has
nearly cleared and White is back in the game with his potentially strong
bishop.} (35. Qd4 Re7 $15) 35... Qf4 (35... Re7 36. Qd4 Qe5 37. Qb6 Qxf5 38.
Bxb7 h5 $13) 36. Bd5 Rd7 37. Re1 Qxf5 38. Bc4 (38. Be6 Qf2 39. Qe5 Re7 40. Qxa5
g4 41. Qb4 Rc7 $11) 38... Qf2 {The last nervous move shortly before the time
control. The queen should have aimed for the c5 square.} (38... Qc5 $1 39. Qc3
(39. Re6 Qg1+ 40. Ka2 Qd4 41. Re7+ Kh8 42. Qxd4 Rxd4 43. Rxb7 g4 $17) 39... g4
40. Ka2 b6 $15) 39. Qe5 Qd4 40. Qf5 Qg4 41. Qxa5 Rd1+ 42. Rxd1 Qxd1+ 43. Kb2
Qd6 (43... Qd4+ 44. Ka2 g4 45. Qc7+ Qd7 46. Qe5 Qe8 47. Be6 h5 $11) 44. Qa7 $1
{White can claim some small chances with his long range bishop in an exciting
ending.} Qe5+ 45. Ka2 Qe4 (45... Qc7 46. a5 Ne4 47. Qd4+ Nf6 48. b4 g4 $13) 46.
Bd3 Qc6 47. a5 Nd5 48. Qd4+ $1 Nf6 {Unfortunately for the defence the knight
has to retreat.} (48... Kf7 $2 49. Bc4 Ke6 50. c3 Kd6 51. b4 h5 52. Kb3 g4 53.
Qd2 $16) (48... Kf8 49. Qh8+ Ke7 50. Qg7+ Kd8 51. Qf8+ Kc7 52. c4 Nf4 53. Bf5
$16) 49. Qe5 Kf8 (49... Kf7 50. Bc4+ Kg6 51. Qe6 Qc7 $1 (51... Qxe6 52. Bxe6
Ne4 (52... g4 53. Bc8 $18) 53. Bc8 Nd6 54. Bxb7 Nxb7 55. a6 $18) 52. Bd3+ Kg7
53. Qf5 Qf7 54. Qe5 $14) 50. c4 (50. Kb2 g4 51. Bc4 Kg7 52. Qe7+ Kg6 53. Be6
$16) 50... g4 51. Bf5 Kf7 52. Qb8 Ne8 $2 {The permanent struggle is finally
bearing fruits for the inventive Topalov as his opponent is finally showing
signs of wear and tear.} (52... Ke7 $1 53. Bc8 Qc5 54. Qxb7+ Kd8 55. Qa6 (55.
a6 Qxc8 56. Qb6+ Ke7 57. c5 g3 58. Qb7+ Qxb7 59. axb7 g2 60. b8=Q g1=Q $15)
55... Qf2+ 56. Ka3 Qc5+ 57. b4 Qe3+ 58. Ka4 Ne4 $11) 53. Qf4 (53. Qh2 Qc5 54.
Qh5+ Ke7 55. Bxg4 Qxh5 56. Bxh5 Kd8 57. b4 $18) 53... Qc5 $2 {Shocked and in
disbelief Black gives in and loses the unbelievably complex fight.} (53... Nf6
$1 54. Qxh6 Qd6 55. Bxg4 Qe5 56. Qd2 Nxg4 57. a6 bxa6 58. Qd7+ Kf6 59. Qxg4 $16
) 54. Bxg4+ Nf6 55. Qf5 Qd4 56. Bf3 Qf2+ 57. Ka3 Kg7 58. Ka4 {The advance of
the white king represents the proverbial last straw in the position. Black is
helpless.} b6 (58... Qa2+ 59. Kb4 Qf2 60. Kb5 Qe3 61. b4 $18) 59. axb6 Qxb6 60.
c5 Qa7+ 61. Kb5 Qb8+ 62. Kc4 Qg8+ 63. Kc3 Qe8 64. b4 Qe1+ 65. Kc4 Qf1+ 66. Kb3
Qb5 67. Bd1 Qc6 68. Bc2 Kf7 69. Bd3 1-0